Corporate takeover law and management discipline

Bibliographic Details
Main Author: Okanigbuan, Francis Jnr (Author)
Format: Book
Language:English
Published: New York : Routledge 2020
Edition:First edition
Subjects:

MARC

LEADER 00000cam a2200000 7i4500
001 0000029571
005 20241128.0
008 211224 nyua eng
020 |a 9781138600027 
040 |a INS   |b eng   |e rda 
090 0 0 |a K1362   |b O46 2020 
100 1 |a Okanigbuan, Francis   |c Jnr. ,   |e author 
245 1 0 |a Corporate takeover law and management discipline   |c Francis Okanigbuan, Jnr 
250 |a First edition 
264 1 |a New York :   |b Routledge   |c 2020 
264 4 |c ©2020 
300 |a xv, 202 pages :   |b illustrations ;   |c 25 cm. 
336 |a text  |2 rdacontent 
337 |a unmediated  |2 rdamedia 
338 |a volume  |2 rdacarrier 
504 |a Includes bibliographical references and index 
650 0 |a Consolidation and merger of corporations   |x Law and legislation   |z Great Britain 
650 0 |a Consolidation and merger of corporations   |x Law and legislation   |z United States 
999 |a 1000004277   |b BOOK   |c Open Shelf   |e Default branch